000
00233nam a2200097Ia 4500
001
690121
005
20250826161810.0
008
250824s9999 xx 000 0 und d
245
0
_a
MAVİ KUŞ
_c
MUSTAFA KUTLU
260
_b
DERGAH YAYINLARI
999
_c
690121
_d
690121